000 00600nam a2200229Ia 4500
003 OSt
005 20220924152405.0
006 a|||||r|||| 00| 0
007 ta
008 220923b |||||||| |||| 00| 0 mar d
024 _a342280
037 _cTextual
040 _aARTS
_cARTS
_bmar
041 _2mar
_amar
082 _aO155,3N195,2, L6
100 _aChhabutai Kavishvar
_9226532
245 0 _aAla shan gela shan
260 _c1976
650 _aMARATHI LITERATURE
_938000
942 _hO155,3N195,2, L6
_cTEXL
_2CC
999 _c469653
_d469653